LEADER 01157nam0 22002773i 450 001 VAN0118992 005 20181218111751.266 010 $a88-324-5111-5 100 $a20181218d1991 |0itac50 ba 101 $aita 102 $aIT 105 $a|||| ||||| 200 1 $aFusioni e scissioni societarie$ecommento al Decreto legislativo 16 gennaio 1991, n$h22 di recepimento della 3$he 6. direttiva comunitaria$eriflessi in tema di leggi antitrust$fMarco Confalonieri 205 $aMilano : Pirola, 1991 210 $aIX$d151 p. ; 24 cm 215 $aSegue appendice 410 1$1001VAN0118991$12001 $aPirola azienda$1210 $aMilano$cPirola.$v96 620 $dMilano$3VANL000284 700 1$aConfalonieri$bMarco$3VANV008121$0105831 712 $aPirola $3VANV107884$4650 801 $aIT$bSOL$c20240503$gRICA 899 $aBIBLIOTECA DEL DIPARTIMENTO DI GIURISPRUDENZA$1IT-CE0105$2VAN00 912 $aVAN0118992 950 $aBIBLIOTECA DEL DIPARTIMENTO DI GIURISPRUDENZA$d00CONS BNA.397 $e00BNA3492 20181218 996 $aFusioni e scissioni societarie$9418535 997 $aUNICAMPANIA LEADER 01457nam0 2200337 i 450 001 VAN0126224 005 20220309015541.470 017 70$2N$a9783030178918 100 $a20200117d2019 |0itac50 ba 101 $aeng 102 $aCH 105 $a|||| ||||| 200 1 $aSustainable Agrochemistry$eA Compendium of Technologies$fSílvio Vaz Jr. editor 210 $aCham$cSpringer$d2019 215 $aXII, 388 p.$cill.$d24 cm 620 $aCH$dCham$3VANL001889 676 $a333.714$cValutazione di impatto ambientale$v22 676 $a540$cChimica generale$v22 676 $a577.14$cChimica ambientale$v22 676 $a668.4192$cTecnologia dei rifiuti$v22 676 $a630$cAgricoltura e tecnologie connesse$v22 702 1$aVaz$bS.$cjr.$3VANV097633 712 $aSpringer $3VANV108073$4650 801 $aIT$bSOL$c20240614$gRICA 856 4 $uhttps://link.springer.com/book/10.1007/978-3-030-17891-8$zE-book - Accesso al full-text attraverso riconoscimento IP di Ateneo, proxy e/o Shibboleth 899 $aBIBLIOTECA DEL DIPARTIMENTO DI SCIENZE E TECNOLOGIE AMBIENTALI BIOLOGICHE E FARMACEUTICHE$1IT-CE0101$2VAN17 912 $fN 912 $aVAN0126224 950 $aBIBLIOTECA DEL DIPARTIMENTO DI SCIENZE E TECNOLOGIE AMBIENTALI BIOLOGICHE E FARMACEUTICHE$d17CONS e-book 2113 $e17BIB2113/138 138 20200117 996 $aSustainable Agrochemistry$91570978 997 $aUNICAMPANIA LEADER 02162nam0 22004093i 450 001 VAN0248675 005 20230529125005.42 017 70$2N$a9783030550691 100 $a20220727d2020 |0itac50 ba 101 $aeng 102 $aCH 105 $a|||| ||||| 200 1 $aˆAn ‰Introduction to Element-Based Galerkin Methods on Tensor-Product Bases$eAnalysis, Algorithms, and Applications$fFrancis X. Giraldo 210 $aCham$cSpringer$d2020 215 $axxvi, 559 p.$cill.$d24 cm 410 1$1001VAN0044060$12001 $aTexts in computational science and engineering$1210 $aBerlin [etc.]$cSpringer$v24 500 1$3VAN0248679$aˆAn ‰Introduction to Element-Based Galerkin Methods on Tensor-Product Bases$92983620 606 $a65-XX$xNumerical analysis [MSC 2020]$3VANC019772$2MF 606 $a65N30$xFinite elements, Rayleigh-Ritz and Galerkin methods, finite methods for boundary value problems involving PDEs [MSC 2020]$3VANC021532$2MF 606 $a65Fxx$xNumerical linear algebra [MSC 2020]$3VANC023723$2MF 606 $a65M60$xFinite element, Rayleigh-Ritz and Galerkin methods for initial value and initial-boundary value problems involving PDEs [MSC 2020]$3VANC029157$2MF 610 $aDiscontinuous Galerkin$9KW:K 610 $aGalerkin methods$9KW:K 610 $aHybridized discontinuous Galerkin$9KW:K 610 $aPartial differential equations$9KW:K 610 $aSpectral element$9KW:K 620 $aCH$dCham$3VANL001889 700 1$aGiraldo$bFrancis X.$3VANV203516$0845465 712 $aSpringer $3VANV108073$4650 801 $aIT$bSOL$c20240614$gRICA 856 4 $uhttp://doi.org/10.1007/978-3-030-55069-1$zE-book ? Accesso al full-text attraverso riconoscimento IP di Ateneo, proxy e/o Shibboleth 899 $aBIBLIOTECA DEL DIPARTIMENTO DI MATEMATICA E FISICA$1IT-CE0120$2VAN08 912 $fN 912 $aVAN0248675 950 $aBIBLIOTECA DEL DIPARTIMENTO DI MATEMATICA E FISICA$d08CONS e-book 4554 $e08eMF4554 20220727 996 $aIntroduction to Element-Based Galerkin Methods on Tensor-Product Bases$92983620 997 $aUNICAMPANIA